[Event "TCh-SRB 1st League w 2013"]
[Site "Kragujevac SRB"]
[Date "2013.09.01"]
[Round "9.1"]
[White "Ostojic,Katarina"]
[Black "Mijic,M"]
[Result "0-1"]
[WhiteElo "1796"]
[BlackElo "2005"]

1.e4 c5 2.Nf3 d6 3.d4 cxd4 4.Nxd4 Nf6 5.Nc3 a6 6.f3 e6 7.Be3 Qc7 8.Qd2 Nbd7
9.O-O-O Be7 10.g4 Ne5 11.h3 b5 12.a3 Nc4 13.Bxc4 Qxc4 14.Kb1 Bb7 15.h4 Rc8
16.h5 Nd7 17.g5 Ne5 18.Bf4 Qc7 19.Qg2 Nc4 20.Bd2 Qc5 21.Nb3 Nxd2+ 22.Qxd2 Qxg5
23.Qxg5 Bxg5 24.Rxd6 Ke7 25.Rb6 Rc7 26.Na5 Bc8 27.Rd1 Be3 28.Rbd6 Bc5 29.Nc6+ Kf6
30.Nd5+ Kg5 31.Nxc7 Bxd6 32.Rxd6 Kxh5 33.Nd4 Kg5 34.Ne2 h5 35.Rd1 h4 36.Rg1+ Kf6
37.f4 Bb7 38.Nc3 Rc8 39.N7xb5 axb5 40.Nxb5 Bxe4 41.Nd6 Bxc2+ 42.Kc1 Rc6 43.Ne8+ Ke7
44.Nxg7 Be4+ 45.Kd1 h3  0-1

[Event "Satka Autumn 2013"]
[Site "Satka RUS"]
[Date "2013.09.04"]
[Round "2"]
[White "Alekseeva,Irina"]
[Black "Buldakova,Irina"]
[Result "1-0"]
[WhiteElo "1921"]
[BlackElo "1719"]

1.e4 c5 2.Nf3 d6 3.d4 cxd4 4.Nxd4 Nf6 5.Nc3 a6 6.f3 e6 7.Be3 Be7 8.Qd2 b5
9.Bd3 Bb7 10.g4 Nc6 11.O-O-O Rc8 12.Kb1 Ne5 13.h4 Nc4 14.Bxc4 Rxc4 15.h5 h6
16.Rdg1 b4 17.Nce2 Qc8 18.g5 hxg5 19.Bxg5 Nxe4 20.fxe4 Bxe4 21.Rh4 Bxg5 22.Rxg5 Bh7
23.b3 Rc7 24.Rxg7 e5 25.Rxh7 Rxh7 26.Qd3 Rh8 27.Nf5 Qd8 28.Rxb4 a5 29.Rb6 d5
30.Rd6 Rd7 31.Qb5 Rh7 32.Rxd5 f6 33.Rd6 Rf7 34.Re6+ Kf8 35.Qc5+ Kg8 36.Nh6+ Kg7
37.Qg1+ Kh8 38.Nxf7+ Rxf7 39.Nc3 Qc8 40.Rb6 Rc7 41.Rxf6 Rc6 42.Qg5 Rxf6 43.Qxf6+ Kh7
44.Ne4  1-0

[Event "TCh-ROU w 2013"]
[Site "Mamaia ROU"]
[Date "2013.09.05"]
[Round "6.2"]
[White "Bulmaga,I"]
[Black "Ionica,I"]
[Result "1-0"]
[WhiteElo "2410"]
[BlackElo "2195"]

1.e4 c5 2.Nf3 d6 3.d4 cxd4 4.Nxd4 Nf6 5.Nc3 a6 6.Be3 Ng4 7.Bc1 Nf6 8.f3 e5
9.Nb3 Be6 10.Be3 h5 11.Qd2 Nbd7 12.Nd5 Bxd5 13.exd5 g6 14.Be2 a5 15.Rc1 a4
16.Na1 Qa5 17.Qxa5 Rxa5 18.c4 Bh6 19.Bxh6 Rxh6 20.O-O Ke7 21.Nc2 Rh8 22.Na3 Nc5
23.Nb5 h4 24.Rc3 Nh5 25.Ra3 Rha8 26.Re1 f5 27.Kf2 b6 28.Bf1 Kd7 29.g3 Rh8
30.Nc3 Nf6 31.Kg1 Raa8 32.g4 e4 33.g5 Nh7 34.f4 Nf8 35.b4 Nce6 36.dxe6+ Nxe6
37.Nd5 Kc6 38.Rd1 Rhe8 39.Kf2 Ra7 40.h3 Rf8 41.Ke3 Re8 42.Rd2 Rd8 43.Be2  1-0

[Event "Lake Sevan 2013"]
[Site "Martuni ARM"]
[Date "2013.09.16"]
[Round "9.4"]
[White "Swiercz,D"]
[Black "Andriasian,Z"]
[Result "1/2-1/2"]
[WhiteElo "2654"]
[BlackElo "2631"]

1.e4 c5 2.Nf3 d6 3.d4 cxd4 4.Nxd4 Nf6 5.Nc3 a6 6.f3 e5 7.Nb3 Be7 8.Be3 O-O
9.Qd2 Be6 10.O-O-O a5 11.a4 Nc6 12.g4 Nb4 13.Kb1 Rc8 14.g5 Ne8 15.f4 exf4
16.Bxf4 Bg4 17.Re1 Nc7 18.Rg1 Be6 19.Nd4 d5 20.g6 dxe4 21.gxh7+ Kh8 22.Be5 Bf6
23.Bxf6 Qxf6 24.Nxe4 Qh4 25.Bd3 Rfd8 26.Qg2 Qh6 27.Nf5 Bxf5 28.Ng5 Bg6 29.Bxg6 Qxg6
30.Re7 Rf8 31.Nxf7+ Rxf7 32.Qxg6 Rxe7 33.c3 Nbd5 34.h4 Rf8 35.h5 Rf6 36.Qd3 Ref7
37.Rg5 b6 38.Rxd5 Nxd5 39.Qxd5 Kxh7 40.Qg5 Rf1+ 41.Ka2 R7f6 42.Qe5 R1f5 43.Qe8 Rh6
44.Qe4 Rxh5 45.c4 Rg5 46.b4 axb4 47.Kb3 Kh6 48.Kxb4 Rf6 49.Qe3 Kg6 50.Qe4+ Kf7
51.Qb7+ Kg8 52.Qa8+ Kh7 53.Qh1+ Kg6 54.Qe4+ Rgf5 55.Qg2+ Kh6 56.Qh2+ Rh5
57.Qb8 Kh7 58.Qb7 Rh4 59.Kb5 Rff4 60.Qd7 Rxc4 61.Qf5+ Kh6 62.Qe6+ g6 63.Qe3+ Rhf4
64.Qh3+ Kg5 65.Qg2+ Kf6 66.Kxb6 Rxa4 67.Qc6+ Kg5 68.Qg2+ Kh6 69.Kc5 Ra5+
70.Kd6 Rf6+ 71.Ke7 Kg7 72.Qb2 Ra6 73.Qc3 Rc6 74.Qb2 Rd6 75.Qc3 g5 76.Qb2 g4
77.Qc3 Re6+ 78.Kd7 Re4 79.Qd3 Rff4 80.Qc2 Rc4 81.Qh2 Rcd4+ 82.Kc6 Kg6 83.Kc5 Rc4+
84.Kd5 Rfd4+ 85.Ke5 Re4+ 86.Kd5 Rcd4+ 87.Kc5 Rd8 88.Qh4 Rde8 89.Kd5 R4e5+
90.Kd4 Rg5 91.Qg3 Rf8 92.Ke4 Re8+ 93.Kd4 Ree5 94.Kd3 Rd5+ 95.Kc4 Rc5+ 96.Kb4 Rce5
97.Kc3 Ref5 98.Kd4 Rf3 99.Qd6+ Kh5 100.Qh2+ Kg6 101.Qd6+ Rf6 102.Qg3 Kg7
103.Ke4 Rgg6 104.Qc7+ Kg8 105.Qb8+ Rf8 106.Qg3 Rf3 107.Qb8+ Kg7 108.Qc7+ Rf7
109.Qe5+ Kg8 110.Qe8+ Kg7 111.Qe5+ Rff6 112.Qc7+ Kg8 113.Qb8+ Kh7 114.Qg3 Rg7
115.Ke5 Rf3 116.Qh4+ Kg8 117.Qd8+ Rf8 118.Qd5+ Kh8 119.Qh1+ Rh7 120.Qg1 Rg8
121.Kf4 Rgg7 122.Qa1 Rh3 123.Qa8+ Kh7 124.Qe4+ Kh6 125.Qc6+ Rg6 126.Qg2 Rf3+
127.Ke4  1/2-1/2

[Event "Baku Open 2013"]
[Site "Baku AZE"]
[Date "2013.09.23"]
[Round "5.24"]
[White "Gagunashvili,M"]
[Black "Darban,M"]
[Result "1/2-1/2"]
[WhiteElo "2585"]
[BlackElo "2358"]

1.e4 c5 2.Nf3 Nf6 3.Nc3 d6 4.d4 cxd4 5.Nxd4 a6 6.f3 Qb6 7.Nb3 e6 8.Qe2 Nbd7
9.g4 h6 10.Be3 Qc7 11.O-O-O b5 12.h4 g6 13.Qf2 b4 14.Ne2 e5 15.Bh3 a5 16.Kb1 a4
17.Nbc1 Nc5 18.Bxc5 dxc5 19.Ng3 c4 20.g5 Bxh3 21.gxf6 Be6 22.Nf1 Bc5 23.Ne3 Qa7
24.Rhe1 b3 25.Qe2 bxc2+ 26.Nxc2 O-O 27.a3 Rfb8 28.Qd2 Qb6 29.Qc3 Qa5 30.Na2 Qxc3
31.Nxc3 Rb3 32.Kc1 Rab8 33.Nxa4 Bf2 34.Rf1 Bxh4 35.Nb4 Bxf6 36.Nc5 Bg5+ 37.Kc2 Re3
38.Nxe6 fxe6 39.Rd6 Kf7 40.Rc6 Re2+ 41.Kb1 Be7 42.Rxc4 Bxb4 43.Rxb4 Rxb4
44.axb4 Re3 45.Kc2 h5 46.b5 Ke7 47.b6 Kd7 48.Rg1 Rxf3 49.Rxg6 Re3 50.Rg7+ Kc8  1/2-1/2

[Event "Grand Open Blagoevgrad 2013"]
[Site "Blagoevgrad BUL"]
[Date "2013.09.29"]
[Round "2.15"]
[White "Athanasiadis,M"]
[Black "Kanakaris,G"]
[Result "0-1"]
[WhiteElo "2066"]
[BlackElo "2305"]

1.e4 c5 2.Nf3 d6 3.d4 cxd4 4.Nxd4 Nf6 5.Nc3 a6 6.f3 e5 7.Nb3 Be6 8.Be3 Be7
9.Qd2 O-O 10.O-O-O Nbd7 11.g4 b5 12.g5 b4 13.Ne2 Nh5 14.Ng3 Nf4 15.h4 a5
16.Kb1 a4 17.Nc1 b3 18.cxb3 axb3 19.a3 Qc7 20.Nf5 Bxf5 21.exf5 Nd5 22.Nxb3 Nxe3
23.Qxe3 Rfb8 24.Rh2 Qb7 25.Ka2 d5 26.Rc1 Bxa3 27.bxa3 Qb4 28.Na1 d4 29.Qb3 Qa5
30.Qd3 e4 31.fxe4 Ne5 32.Qh3 d3 33.Nc2 Qc3 34.Rb1 Rxb1 35.Kxb1 dxc2+ 36.Rxc2 Rb8+
37.Kc1 Qe1+  0-1

[Event "12th Forchheim Open A 2013"]
[Site "Forchheim GER"]
[Date "2013.09.29"]
[Round "5.13"]
[White "Zeltner,O"]
[Black "Mager,D"]
[Result "1/2-1/2"]
[WhiteElo "2030"]
[BlackElo "2054"]

1.e4 c5 2.Nf3 d6 3.d4 cxd4 4.Nxd4 Nf6 5.Nc3 a6 6.f3 e6 7.Be3 b5 8.Qd2 Nbd7
9.O-O-O Bb7 10.Kb1 b4 11.Na4 d5 12.exd5 Nxd5 13.Nb3 Qc7 14.Bf2 Qc6 15.c4 bxc3
16.Nxc3 Bb4 17.Rc1 O-O 18.Nxd5 Bxd2 19.Rxc6 Bxc6 20.Ne7+ Kh8 21.Nxc6 Bf4
22.g3 Rfc8 23.Nca5 Bd6 24.f4 Nc5 25.Bg2 Rab8 26.Rd1 Nxb3 27.Nxb3 Rd8 28.Ba7 Be7
29.Rc1 Rbc8 30.Rxc8 Rxc8 31.Bd4 Rb8 32.Kc2 Bf6 33.Bxf6 gxf6 34.Nc5 Rc8 35.b4 a5
36.a3 Kg8 37.Kc3 Kf8 38.Kc4 axb4 39.axb4 Ke7 40.Kb5 Rb8+ 41.Nb7 e5 42.Kb6 Rc8
43.Nc5 Rd8 44.fxe5 fxe5 45.Be4 Rd2 46.h3 Rh2 47.Bf5 Kf6 48.Bg4 h5 49.Bc8 Kg6
50.Nd3 f6 51.Bd7 Rd2 52.Nc5 f5 53.g4 fxg4 54.hxg4 hxg4 55.Bxg4 Rd4 56.Be2 Rxb4+
57.Kc6  1/2-1/2

[Event "Grand Open Blagoevgrad 2013"]
[Site "Blagoevgrad BUL"]
[Date "2013.10.03"]
[Round "8.20"]
[White "Athanasiadis,M"]
[Black "Angelov,G"]
[Result "1/2-1/2"]
[WhiteElo "2066"]
[BlackElo "2141"]

1.e4 c5 2.Nf3 d6 3.d4 Nf6 4.Nc3 cxd4 5.Nxd4 a6 6.f3 e5 7.Nb3 Be6 8.Be3 b5
9.Qd2 Nbd7 10.O-O-O b4 11.Nd5 Bxd5 12.exd5 Nb6 13.Bxb6 Qxb6 14.Bd3 Be7 15.g4 a5
16.Kb1 a4 17.Nc1 O-O 18.Ne2 Rfc8 19.Ng3 Bf8 20.g5 Nd7 21.Bf5 Ra7 22.Ne4 b3
23.cxb3 axb3 24.Qf2 bxa2+ 25.Ka1 Nc5 26.Nxc5 Rxc5 27.Qd2 Qb3 28.Be4 Rac7
29.Rc1 Rc4 30.Rxc4 Qxc4 31.Qd3 g6 32.Qxc4 Rxc4 33.Kxa2 Be7 34.Rg1 Bd8 35.b3 Rd4
36.Rg2 Bb6 37.Kb1 h6 38.h4 hxg5 39.hxg5 Rb4 40.Kc2 Rd4 41.Kc3 Ba5+ 42.Kc2 Kf8
43.Re2 Bd8 44.Rg2 Ke8 45.Rg1 Kd7 46.Rg2 Ba5 47.Re2 Rb4 48.Kb2 Bb6 49.Kc3 Ba5
50.Kb2 Rb8 51.Bd3 Bb4 52.Rc2 Rc8 53.Bb5+ Kd8 54.Rxc8+ Kxc8 55.Be8 Bd2 56.Bxf7 Bxg5
57.Bxg6 Kb7 58.Kc3 Kb6 59.Kc4 Bf4 60.Be8 Be3 61.b4 Bf4 62.Kd3 Bh6 63.Bc6 Bc1
64.Ke4 Ba3 65.b5  1/2-1/2

[Event "Frauenbundesliga 2013-14"]
[Site "Germany GER"]
[Date "2013.10.06"]
[Round "2.2"]
[White "Fuchs,Ju"]
[Black "Kachiani-Gersinska,K"]
[Result "1/2-1/2"]
[WhiteElo "2334"]
[BlackElo "2364"]

1.e4 c5 2.Nf3 d6 3.d4 cxd4 4.Nxd4 Nf6 5.Nc3 a6 6.f3 e5 7.Nb3 Be7 8.Be3 Be6
9.Qd2 O-O 10.O-O-O a5 11.a4 Nc6 12.g4 Nb4 13.Kb1 Rc8 14.g5 Nh5 15.Rg1 f5
16.g6 hxg6 17.Rxg6 Rf6 18.Rg5 f4 19.Rxh5 fxe3 20.Qxe3 Qe8 21.Rg5 Qf7 22.Rg3 Nxc2
23.Kxc2 Bxb3+ 24.Kb1 Bxd1 25.Nxd1 d5 26.exd5 Bc5 27.Qe4 Bd4 28.Bh3 Rc5 29.Be6 Rxe6
30.dxe6 Qc7 31.Nc3 Bxc3 32.Qg6 Bd2 33.Qe8+  1/2-1/2

[Event "Chigorin Memorial"]
[Site "St Petersburg RUS"]
[Date "2013.10.09"]
[Round "5.116"]
[White "Halikov,Bulat"]
[Black "Mamyrbay,Assad"]
[Result "1/2-1/2"]
[WhiteElo "1611"]
[BlackElo "1888"]

1.e4 c5 2.Nf3 d6 3.d4 cxd4 4.Nxd4 Nf6 5.Nc3 a6 6.f3 e6 7.Be3 b5 8.Bd3 Nbd7
9.Qd2 Bb7 10.O-O-O b4 11.Nce2 d5 12.Bg5 h6 13.Bxf6 Qxf6 14.Rdf1 Qd8 15.g4 Qb6
16.exd5 Bxd5 17.Be4 Nf6 18.Bxd5 Nxd5 19.f4 O-O-O 20.Rf3 Bc5 21.Rd3 a5 22.Kb1 a4
23.Rd1 Rd7 24.f5 Rhd8 25.Nf3 Be3 26.Qe1 Rc7 27.Ned4 e5 28.Nxe5 Bxd4 29.Rxd4 Nc3+
30.Qxc3 bxc3 31.Rxd8+ Kb7 32.b3 axb3 33.axb3 Qc5 34.R1d5 Qb6 35.h3 f6 36.Ng6 Qg1+
37.Rd1 Qa7 38.Nf4 Qa3 39.Nd3 Re7 40.Rd4 Rc7 41.Rb4+ Kc8 42.Ra4 Qd6 43.Ra8+ Kb7
44.Ra5 Kb6 45.Ra4 Ra7 46.Rb4+ Kc7 47.Rc4+ Kb8 48.Rb4+ Rb7 49.Ra4 Qh2 50.Nb4 Qe2
51.Rd3 Qe1+ 52.Ka2 Kc8 53.Ra8+ Rb8 54.Rxb8+ Kxb8 55.Nd5 Qc1 56.Rxc3 Qd2 57.Rc5 Qh2
58.Rc7 Qd2 59.Rc5 Qh2  1/2-1/2

[Event "7th Univ Cent Open 2013"]
[Site "Bogota COL"]
[Date "2013.10.10"]
[Round "1.49"]
[White "Camargo,S"]
[Black "Pena Mora,Carlos"]
[Result "1-0"]
[WhiteElo "2011"]
[BlackElo "1664"]

1.e4 c5 2.Nf3 d6 3.d4 cxd4 4.Nxd4 Nf6 5.Nc3 a6 6.f3 e5 7.Nb3 Be6 8.Be3 Be7
9.Qd2 O-O 10.O-O-O Nbd7 11.g4 b5 12.h4 b4 13.Ne2 a5 14.Kb1 a4 15.Nbc1 Qa5
16.Ng3 Rfb8 17.Bh3 Ne8 18.Bf1  1-0

[Event "4th Continental Class 2013"]
[Site "Arlington USA"]
[Date "2013.10.12"]
[Round "5.11"]
[White "Burke,John M"]
[Black "Li,Ethan"]
[Result "1-0"]
[WhiteElo "2005"]
[BlackElo "2065"]

1.e4 c5 2.Nf3 d6 3.d4 cxd4 4.Nxd4 Nf6 5.Nc3 a6 6.f3 e6 7.Be3 Be7 8.Qd2 O-O
9.g4 Nc6 10.O-O-O Bd7 11.h4 b5 12.Nxc6 Bxc6 13.h5 Rc8 14.Nb1 Nxe4 15.fxe4 Bxe4
16.Bd3 Bxh1 17.Rxh1 h6 18.Nc3 d5 19.Kb1 Bf6 20.Ne2 Bg5 21.Nf4 e5 22.Nh3 Bxe3
23.Qxe3 e4 24.Be2 Qc7 25.Bd1 Qe5 26.g5 d4 27.Qd2 hxg5 28.Nxg5 f6 29.Nh3 Rcd8
30.Rg1 Rd7 31.Qg2 e3 32.Be2 a5 33.Qg6 f5 34.Ng5 Rb8 35.Qh7+ Kf8 36.h6 Ke8
37.Bh5+ Ke7 38.hxg7  1-0

[Event "7th Univ Cent Open 2013"]
[Site "Bogota COL"]
[Date "2013.10.12"]
[Round "5.51"]
[White "Camargo,S"]
[Black "Quinonez,Constanza"]
[Result "1-0"]
[WhiteElo "2011"]
[BlackElo "1793"]

1.e4 c5 2.Nf3 d6 3.d4 cxd4 4.Nxd4 Nf6 5.Nc3 a6 6.f3 e6 7.Be3 Be7 8.Qd2 Nbd7
9.O-O-O Qc7 10.g4 Ne5 11.h4 b5 12.g5 Nfd7 13.h5 Bb7 14.f4 Nc4 15.Bxc4 Qxc4
16.g6 b4 17.gxf7+ Kxf7 18.Nb1 Bxe4 19.Rh2 Nf6 20.b3 Qc7 21.Rg1 Nd5 22.Rxg7+ Kf6
23.f5 Qa5 24.Nxe6 Bxf5 25.Bg5+ Kxe6 26.Bxe7 Rae8 27.Bd8 Rxd8 28.Re2+ Be4
29.Rxe4+ Kf5 30.Rg5+ Kxe4  1-0

[Event "7th Univ Cent Open 2013"]
[Site "Bogota COL"]
[Date "2013.10.12"]
[Round "6.29"]
[White "Camargo,S"]
[Black "Rivera,I"]
[Result "0-1"]
[WhiteElo "2011"]
[BlackElo "2210"]

1.e4 c5 2.Nf3 d6 3.d4 cxd4 4.Nxd4 Nf6 5.Nc3 a6 6.f3 e5 7.Nb3 Be6 8.Be3 Be7
9.Qd2 Nbd7 10.g4 h6 11.O-O-O b5 12.h4 b4 13.Nd5 Bxd5 14.exd5 Nb6 15.Bxb6 Qxb6
16.Be2 a5 17.Kb1 a4 18.Nc1 Nd7 19.Rh3 Nc5 20.f4 a3 21.Nd3 axb2 22.Nxc5 Qxc5
23.fxe5 Ra3 24.Rb3 Rxb3 25.axb3 O-O 26.Kxb2 dxe5 27.g5 Ra8 28.Rb1 hxg5 29.hxg5 Qc7  0-1

[Event "Indonesia Open 2013"]
[Site "Jakarta INA"]
[Date "2013.10.12"]
[Round "4.35"]
[White "Dewi,A"]
[Black "Dao Thien Hai"]
[Result "0-1"]
[WhiteElo "2133"]
[BlackElo "2500"]

1.e4 c5 2.Nf3 d6 3.d4 cxd4 4.Nxd4 Nf6 5.Nc3 a6 6.f3 e6 7.Be3 b5 8.Qd2 Bb7
9.g4 Nfd7 10.O-O-O Qc7 11.h4 Nc6 12.Be2 Nce5 13.f4 Nc4 14.Bxc4 Qxc4 15.a3 b4
16.axb4 Qxb4 17.Rhe1 Rb8 18.Nb3 Be7 19.g5 O-O 20.Qd4 Ba8 21.h5 Rfc8 22.h6 e5
23.Qxb4 Rxb4 24.hxg7 Bxe4 25.fxe5 Nxe5 26.Nd4 Bg6 27.Nd5 Rb7 28.Bf4 Rc5 29.Bxe5 Bxg5+
30.Bf4 Rxd5 31.Bxg5 Rxg5 32.Nc6 Rc5 33.Nd4 Kxg7 34.c3 a5 35.Re8 Rg5 36.Ra8 Rg2
37.b3 Rc7 38.c4 d5 39.Rxa5 dxc4 40.b4 c3 41.Rc5 Rxc5 42.bxc5 Rb2  0-1

[Event "4th Continental Class 2013"]
[Site "Arlington USA"]
[Date "2013.10.13"]
[Round "8.8"]
[White "Burke,John M"]
[Black "Sarkar,J"]
[Result "0-1"]
[WhiteElo "2005"]
[BlackElo "2455"]

1.e4 c5 2.Nf3 d6 3.d4 cxd4 4.Nxd4 Nf6 5.Nc3 a6 6.f3 e6 7.Be3 b5 8.g4 h6 9.Qd2 Nbd7
10.O-O-O b4 11.Nce2 d5 12.Nf4 dxe4 13.Nfxe6 fxe6 14.Nxe6 Qa5 15.Bc4 Ne5 16.Bb3 Bxe6
17.Bxe6 Nxf3 18.Qf2 Qe5 19.Bb3 g5 20.Qe2 Rh7 21.Qc4 Rc7 22.Ba4+ Ke7 23.Bc6 Nxg4
24.Rd5 Qe6 25.Bc5+ Kf6 26.Bd4+ Kg6 27.Be5 Rxc6 28.Qxe4+ Qf5  0-1

[Event "Aurora Fall Open 2013"]
[Site "Aurora CAN"]
[Date "2013.10.19"]
[Round "1.7"]
[White "Yu,Wenlu"]
[Black "Cormier,Adam"]
[Result "0-1"]
[WhiteElo "1863"]
[BlackElo "2009"]

1.e4 c5 2.Nf3 d6 3.d4 cxd4 4.Nxd4 Nf6 5.Nc3 a6 6.f3 e5 7.Nb3 Be6 8.Be3 Be7
9.Qd2 O-O 10.O-O-O b5 11.g4 b4 12.Na4 Nbd7 13.h4 Qc7 14.Qxb4 Rfc8 15.Nc3 a5
16.Qa4 d5 17.g5 d4 18.Bxd4 exd4 19.Nxd4 Nc5 20.Nxe6 fxe6 21.Qc4 Nh5 22.Ne2 Rab8
23.Bh3 Nf4 24.Nxf4 Qxf4+ 25.Kb1 Qe5 26.b3 Rb4 27.Qe2 Na4 28.Bxe6+ Qxe6  0-1

[Event "29th ECC Open 2013"]
[Site "Rhodes GRE"]
[Date "2013.10.21"]
[Round "2.3"]
[White "Mamedov,Nid"]
[Black "Burg,T"]
[Result "1-0"]
[WhiteElo "2612"]
[BlackElo "2499"]

1.e4 c5 2.Nf3 d6 3.d4 cxd4 4.Nxd4 Nf6 5.Nc3 a6 6.f3 e5 7.Nb3 Be6 8.Be3 Be7
9.Qd2 O-O 10.O-O-O Nbd7 11.g4 b5 12.g5 b4 13.Ne2 Ne8 14.Kb1 a5 15.Ng3 Nb6
16.Nf5 Nc4 17.Bxc4 Bxc4 18.h4 Be6 19.Bb6 Qxb6 20.Nxe7+ Kh8 21.h5 Qc7 22.Nd5 Qd8
23.f4 a4 24.Nc1 Bxd5 25.exd5 b3 26.axb3 axb3 27.Nxb3 Qd7 28.h6 g6 29.fxe5 dxe5
30.Qc3 Nd6 31.Qxe5+ f6 32.gxf6 Rfe8 33.Qc3 Rec8 34.Qe5 Re8 35.Qc3 Rec8 36.Nc5 Qa7
37.f7+  1-0

[Event "29th ECC Open 2013"]
[Site "Rhodes GRE"]
[Date "2013.10.24"]
[Round "5.18"]
[White "Idrizaj,A"]
[Black "Stathopoulos,I"]
[Result "0-1"]
[WhiteElo "2249"]
[BlackElo "2286"]

1.e4 c5 2.Nf3 d6 3.Nc3 Nf6 4.d4 cxd4 5.Nxd4 a6 6.f3 Qb6 7.Nb3 e6 8.Bd3 Nc6
9.Qe2 Be7 10.g4 Nd7 11.g5 Qc7 12.Be3 b5 13.f4 Nc5 14.O-O b4 15.Nd1 Bb7 16.Qf2 Nd8
17.Nxc5 dxc5 18.b3 O-O 19.Nb2 f5 20.e5 Nc6 21.Bc4 Nd4 22.Bxd4 cxd4 23.Bxe6+ Kh8
24.Bc4 d3 25.Nxd3 Qc6 26.Qg3 Rad8 27.h4 Rd4 28.Kh2 g6 29.Rf2 Kg7 30.Re1 Rh8
31.e6 h6 32.Ne5 Qe8 33.c3 bxc3 34.Qxc3 hxg5 35.Qxd4 Rxh4+ 36.Kg3 Rh3+ 37.Kxh3 Qh8+
38.Kg3  0-1

[Event "13th Sautron Open 2013"]
[Site "Sautron FRA"]
[Date "2013.10.31"]
[Round "7.3"]
[White "Duboue,P"]
[Black "Koziak,V"]
[Result "0-1"]
[WhiteElo "2239"]
[BlackElo "2481"]

1.e4 c5 2.Nf3 d6 3.d4 cxd4 4.Nxd4 Nf6 5.Nc3 a6 6.f3 e6 7.Be3 b5 8.g4 h6 9.h4 b4
10.Nce2 e5 11.Nb3 d5 12.exd5 Nxd5 13.Bf2 Bb7 14.Qd2 Be7 15.Bg2 Qc7 16.f4 O-O
17.fxe5 Rd8 18.Ned4 Qxe5+ 19.Kf1 Qc7 20.Kg1 Nc6 21.Nxc6 Bxc6 22.Nd4 Bb7 23.g5 Bc5
24.gxh6 Nf4 25.Bxb7 Rxd4 26.Bxd4 Bxd4+ 27.Kf1 Qxb7  0-1

[Event "e2e4 Gatwick Nov Open"]
[Site "Crawley ENG"]
[Date "2013.11.03"]
[Round "5"]
[White "Tarhon,Brian"]
[Black "Jones,W"]
[Result "0-1"]
[WhiteElo "1925"]
[BlackElo "2127"]

1.e4 c5 2.Nf3 d6 3.d4 cxd4 4.Nxd4 Nf6 5.Nc3 a6 6.f3 e6 7.Be3 b5 8.Qd2 Nbd7
9.a3 Bb7 10.O-O-O Rc8 11.g4 Nb6 12.Kb1 Nfd7 13.Qf2 Rxc3 14.bxc3 Na4 15.Bd2 d5
16.Ka2 Qe7 17.Bc1 Nxc3+ 18.Ka1 Nxd1 19.Qd2 dxe4 20.Qxd1 exf3 21.Bd3 g6 22.Bb2 Bg7
23.Ka2 O-O 24.h4 Nc5 25.h5 Bd5+ 26.Ka1 Na4 27.Qc1 Nxb2 28.Qxb2 Qc5  0-1

[Event "TCh-SVK Ext 2013-14"]
[Site "Trencin SVK"]
[Date "2013.11.09"]
[Round "1.4"]
[White "Harvan,R"]
[Black "Pagerka,M"]
[Result "1/2-1/2"]
[WhiteElo "2072"]
[BlackElo "2224"]

1.e4 c5 2.Nf3 d6 3.d4 cxd4 4.Nxd4 Nf6 5.Nc3 a6 6.f3 e5 7.Nb3 Be7 8.Be3 O-O
9.Qd2 Be6 10.O-O-O Nbd7 11.g4 b5 12.g5 Ne8 13.Nd5 Bxd5 14.exd5 Rc8 15.Na5 Nc5
16.Bh3 Rc7 17.Nc6 Rxc6 18.dxc6 Ne6 19.Bxe6 fxe6 20.Rhf1 d5 21.f4 d4 22.Qg2 Qa5
23.Bxd4 exd4 24.Kb1 Qb4 25.Qe4 Qc4 26.Rfe1 Nd6 27.Qxe6+ Qxe6 28.Rxe6 Kf7
29.Rde1 Nf5 30.c7 Bd6 31.h4 Bxf4 32.Rc6 Nd6 33.Rf1 Ke7 34.c8=Q Nxc8 35.Rxc8 Rxc8
36.Rxf4 Rd8 37.Re4+ Kf7 38.Kc1 d3 39.cxd3 Rxd3 40.a4 Rh3 41.Kd2 Kg6 42.axb5 axb5
43.Rb4 Kh5 44.Rxb5 Rxh4 45.b4 Rg4  1/2-1/2

[Event "4NCL 2013-14"]
[Site "Hinckley ENG"]
[Date "2013.11.16"]
[Round "1.185"]
[White "Franklin,S"]
[Black "Burrows,M"]
[Result "1/2-1/2"]
[WhiteElo "2307"]
[BlackElo "2123"]

1.e4 c5 2.Nf3 d6 3.d4 cxd4 4.Nxd4 Nf6 5.Nc3 a6 6.f3 e5 7.Nb3 Be6 8.Be3 Nbd7
9.Qd2 b5 10.O-O-O Be7 11.g4 b4 12.Nd5 Bxd5 13.exd5 Nb6 14.Na5 Nbxd5 15.Nc4 Nxe3
16.Qxe3 Qc7 17.h4 O-O 18.g5 Nd7 19.f4 f5 20.gxf6 Rxf6 21.fxe5 dxe5 22.Qe4 Rd8
23.Bd3 g6 24.Ne3 Nb6 25.Qg2 Rf4 26.h5 g5 27.Rhe1 Kh8 28.Kb1 a5 29.Ng4 Bd6
30.Nf2 Rg8 31.Ne4 Be7 32.Qe2 g4 33.Rg1 Bc5 34.Nxc5 Qxc5 35.Rde1 Rg5 36.h6 Nd5
37.Be4 Nf6 38.Bg2 e4 39.Qa6 Rg8 40.Rgf1 Rxf1 41.Rxf1 Nd7 42.Qe6 Qd4 43.Qxe4 Qxe4
44.Bxe4 Rf8 45.Rxf8+ Nxf8 46.Kc1  1/2-1/2

[Event "Piestany Open 2013"]
[Site "Piestany SVK"]
[Date "2013.11.18"]
[Round "1.11"]
[White "Kvassay,P"]
[Black "Babinsky,Michal"]
[Result "1-0"]
[WhiteElo "2028"]
[BlackElo "1741"]

1.e4 c5 2.Nf3 d6 3.d4 cxd4 4.Nxd4 Nf6 5.Nc3 a6 6.f3 e6 7.Be3 Be7 8.Qd2 O-O
9.O-O-O b5 10.Kb1 Bd7 11.g4 b4 12.Nce2 a5 13.Ng3 g6 14.g5 Ne8 15.h4 e5 16.Nb5 Be6
17.h5 Nc6 18.Bh3 Qd7 19.Bf1 f5 20.hxg6 hxg6 21.Qh2 Ng7 22.Qh7+ Kf7 23.Rh6 Rh8
24.Qxg6+ Kg8 25.Nh5 Bd8 26.Rxd6 Qf7 27.Rxd8+ Rxd8 28.Nf6+  1-0

[Event "1st Srefidensi Masters 2013"]
[Site "Paramaribo SUR"]
[Date "2013.11.20"]
[Round "1.4"]
[White "Harper,R"]
[Black "Gajadin,D"]
[Result "1-0"]
[WhiteElo "2284"]
[BlackElo "2138"]

1.e4 c5 2.Nf3 d6 3.d4 cxd4 4.Nxd4 Nf6 5.Nc3 a6 6.f3 e5 7.Nb3 Be7 8.Be3 Be6
9.Qd2 Nbd7 10.g4 O-O 11.O-O-O b5 12.g5 b4 13.Ne2 Ne8 14.f4 a5 15.f5 Bc4 16.Ng3 Bxf1
17.Rhxf1 a4 18.Na1 Qa5 19.f6 Bd8 20.Nf5 Nc5 21.fxg7 Nxg7 22.Nh6+ Kh8 23.Nxf7+ Rxf7
24.Rxf7 Nge6 25.Qxd6 b3 26.Bxc5 Bxg5+ 27.Kb1 Qxc5 28.Qxe6 Rc8 29.axb3  1-0

[Event "10th Vasylyshyn Memorial GM"]
[Site "Lviv UKR"]
[Date "2013.11.21"]
[Round "3"]
[White "Ali Marandi,C"]
[Black "Golichenko,I"]
[Result "1-0"]
[WhiteElo "2371"]
[BlackElo "2451"]

1.e4 c5 2.Nf3 d6 3.d4 cxd4 4.Nxd4 Nf6 5.Nc3 a6 6.f3 e5 7.Nb3 Be7 8.Be3 Be6
9.Qd2 h5 10.O-O-O Nbd7 11.Kb1 Rc8 12.h3 h4 13.Bd3 b5 14.f4 Nb6 15.Qf2 Nfd7
16.fxe5 dxe5 17.Nd5 Nc4 18.Bc1 a5 19.Rhf1 a4 20.Nd2 Bc5 21.Qf3 Bd4 22.c3 Ba7
23.Nxc4 bxc4 24.Bc2 a3 25.Ba4 O-O 26.Qh5 Rb8 27.Bxd7 Bxd7 28.Bg5 Rxb2+ 29.Ka1 f6
30.Bxf6 gxf6 31.Qg6+ Kh8 32.Nxf6 Rxf6 33.Rxf6 Rb6 34.Qh6+ Kg8 35.Qg5+  1-0

[Event "British Rapidplay 2013"]
[Site "Leeds ENG"]
[Date "2013.11.23"]
[Round "3.6"]
[White "Milson,Samuel A"]
[Black "Hegarty,S"]
[Result "0-1"]
[WhiteElo "2042"]
[BlackElo "2132"]

1.e4 c5 2.Nf3 d6 3.d4 cxd4 4.Nxd4 Nf6 5.Nc3 a6 6.f3 e5 7.Nb3 Be6 8.Be3 Be7
9.Be2 O-O 10.O-O Nc6 11.Nd5 Bxd5 12.exd5 Na5 13.Qd2 Nxb3 14.axb3 Rc8 15.c4 Nd7
16.b4 f5 17.f4 e4 18.Rac1 b6 19.Ra1 Ra8 20.Rfc1 Qb8 21.Bd4 Rc8 22.Qe3 a5
23.bxa5 bxa5 24.Qc3 Bf6 25.Bxf6 Nxf6 26.Qd4 Nd7 27.g4 Nc5 28.Bd1 fxg4 29.Ra3 Nd3
30.Rxd3 exd3 31.Bxg4 Rf8 32.Be6+ Kh8 33.Kh1 Qa7 34.Qxd3 Rxf4 35.c5 dxc5 36.Rg1 Rd8
37.Qg3 Rf6 38.Qh4 Qc7 39.Rc1 Rdf8 40.Qh3 Qe5 41.b3 Rf2 42.Qh4 Qe3  0-1

[Event "IV JAHV McGregor 2013"]
[Site "Bogota COL"]
[Date "2013.12.05"]
[Round "3.20"]
[White "Mosquera,M"]
[Black "Vargas,Pedro"]
[Result "1-0"]
[WhiteElo "2394"]
[BlackElo "2044"]

1.e4 c5 2.Nf3 d6 3.d4 cxd4 4.Nxd4 Nf6 5.Nc3 a6 6.f3 e6 7.Be3 Be7 8.Qd2 Qc7
9.g4 Nc6 10.O-O-O Ne5 11.g5 Nfd7 12.f4 Nc4 13.Bxc4 Qxc4 14.f5 Ne5 15.Rhf1 Bd7
16.f6 gxf6 17.gxf6 Bf8 18.Nf3 Ng6 19.Kb1 Qc7 20.Qf2 b5 21.Rfe1 Bc6 22.Nd5 Qb7
23.Bb6 Rc8 24.Ba5 Bxd5 25.exd5 e5 26.Nd4 h5 27.b3 Qd7 28.Nf5 h4 29.Rg1 Rh7
30.Rdf1 Qb7 31.Ng7+ Rxg7 32.fxg7 Bxg7 33.Qf5 Qd7 34.Qh5 Qh3 35.Rxf7  1-0

[Event "IV JAHV McGregor 2013"]
[Site "Bogota COL"]
[Date "2013.12.06"]
[Round "5.86"]
[White "Camargo,S"]
[Black "Calero,Hector Andres"]
[Result "1-0"]
[WhiteElo "2021"]
[BlackElo "1778"]

1.e4 c5 2.Nf3 d6 3.d4 cxd4 4.Nxd4 Nf6 5.Nc3 a6 6.f3 e5 7.Nb3 Be6 8.Be3 Be7
9.Qd2 O-O 10.O-O-O Nbd7 11.g4 b5 12.g5 b4 13.Ne2 Ne8 14.Ng3 a5 15.Kb1 Qc7
16.Nf5 Nc5 17.Nxe7+ Qxe7 18.h4 a4 19.Nxc5 dxc5 20.h5 c4 21.g6 h6 22.Bh3 Bxh3
23.Rxh3 Rc8 24.Rg3 c3 25.Qd7 Qxd7 26.Rxd7 Nf6 27.Rb7 Nxh5 28.Rh3 fxg6 29.Rxb4 cxb2
30.Kxb2 a3+ 31.Kb3 Rf7 32.c4 Rfc7 33.Rh2 Rf7 34.Rf2 Rcf8 35.Kxa3 Rxf3 36.Rxf3 Rxf3
37.Rb3 Kf7 38.c5 Ke6 39.c6 g5 40.Rd3 Nf4 41.c7 Nxd3 42.c8=Q+ Ke7 43.Qb7+ Kf8
44.Qa8+ Ke7 45.Ka4 g4 46.Kb5 h5 47.Qa3+ Kf6 48.Qxd3  1-0

[Event "IV JAHV McGregor 2013"]
[Site "Bogota COL"]
[Date "2013.12.08"]
[Round "8.105"]
[White "Pardo,Ja"]
[Black "Rivera Quintero,Ramon Alberto"]
[Result "0-1"]
[WhiteElo "1947"]
[BlackElo "1746"]

1.e4 c5 2.Nf3 d6 3.d4 cxd4 4.Nxd4 Nf6 5.Nc3 a6 6.f3 e6 7.Be3 Qc7 8.Qd2 Nc6
9.O-O-O Ne5 10.f4 Nc4 11.Bxc4 Qxc4 12.Qe2 Qxe2 13.Ndxe2 b5 14.a3 Bb7 15.Ng3 Be7
16.Bd4 Rd8 17.Rhe1 O-O 18.h3 d5 19.e5 Nd7 20.Nf1 Bc6 21.g3 a5 22.Nd2 b4 23.Ncb1 Rc8
24.axb4 Bxb4 25.Bc3 Nc5 26.Bd4 Ba4 27.Bxc5 Rxc5 28.b3 Rfc8 29.c4 Bxb3 30.Nxb3 Rxc4+
31.Kb2 Bxe1 32.Rxe1 Rc2+ 33.Ka3  0-1